000 00643nam a2200217Ii 4500
003 JO-AjNU
008 230606s9999||||xx |||||||||||||| ||und||
017 _a1997/6/814
040 _aJO-AjNU
_beng
_erda
_cJO-AjNU
041 _aeng
050 1 4 _aDS154.5.M68 1997
100 3 _aMousa, Suleiman,
_eauthor
_93669
245 0 0 _aCameos jordan Arab Nationalism: Sharif Hussein King Abdullah T.E.Lawrence
250 _a1 ed
264 3 1 _aAmman: Ministry of culture, 1997
300 _a248p
336 _atext
_btxt
_2rdacontent
337 _aunmediated
_bn
_2rdamedia
338 _avolume
_bnc
_2rdacarrier
650 4 _aHistory-jordan -
_93670
999 _aE1913
_c1913
_d1913